Statistics for Jim Carrey Movies Quiz

Click here to take the quiz!

General Stats

  • This quiz has been taken 54,274 times
    (28,980 since last reset)
  • The average score is 11 of 16

Answer Stats

Description Movie % Correct
Regular man can alter reality in cartoonish ways when he dons the mask of LokiThe Mask
95%
Two morons drive from Rhode Island to Colorado to return a missing briefcaseDumb & Dumber
93%
Private eye is on the case of the missing Miami Dolphins mascotAce Ventura: Pet Detective
89%
Hilarity ensues as a lying liar loses the ability to lieLiar Liar
89%
Twisted green creature tries to spoil holiday fun in WhovilleHow the Grinch Stole
Christmas
89%
Man is given God-like powers but finds that being God is not so easyBruce Almighty
87%
Man's life is actually just an elaborate reality TV showThe Truman Show
81%
Naive idiot decides to say "Yes" to everything for an entire yearYes Man
78%
Psychotic cable installer ruins a man's lifeThe Cable Guy
75%
Dynamic duo must defeat the puzzling Edward NygmaBatman Forever
52%
Serious businessman needs Antarctic birds to rekindle his
relationship with his children
Mr. Popper's Penguins
51%
Estranged couple undergo a medical procedure to scrub each other
from their memories
Eternal Sunshine of the
Spotless Mind
47%
Man becomes deranged after fixating on a specific numberThe Number 23
46%
Husband and wife team reveal the lighter side of armed robberyFun with Dick and Jane
45%
Misunderstood comic Andy Kaufman angers all around himMan on the Moon
37%
Amnesiac screenwriter moves to a small town and restores the local theaterThe Majestic
19%

Score Distribution

Percentile by Number Answered

Percent of People with Each Score

Your Score History

You have not taken this quiz since the last reset